03068nkc a2200301za 450000100060000000300040000600500170001000700070002700800410003404000240007524501170009926000220021630000880023850001970032650000510052350001660057450000780074050505610081850505450137965100210192465500190194585200520196485601500201685601500216685601500231685601500246685601500261684432OSt20260420150948.0kh boc250408s18901968sp ||||| |||| 00| i|spa d cM-RABAaM-RABAbspa01a[Restos de excavaciones arqueológicas b: Szeged y Hódmezóvásárhely (Hungría)]h[Material gráfico] c[ca. 1890 - 1968] a5 fotografíasb: gelatinac; imagen 12 x 17 cmc; soporte secundario 21,4 x 28 cm aConjunto de cinco fotografías de restos de excavaciones arqueológicas conservadas en Instituto Universitario de Arqueología de Szeged y al Museo de la ciudad de Hódmezóvásárhely. aMontadas sobre soporte secundario de cartón. aAnotaciones mecanografiadas al verso. Hacen referencia al Instituto Universitario de Arqueología de Szeged y al Museo de la ciudad de Hódmezóvásárhely. aFechas tomadas del auge en las excavaciones arqueológicas de Hungría. aFot-563. "Szeged: Egyetemi archeeologiai intézet. Kettós lakógödör az ószentiváni bronzkori telepról." -- Fot-564. "Hódmezóvásárhely 9 Városi muzeum. Részlet a Kotacparti tiszai III. Kultura telepéról" -- Fot-565. "Hódmezóvásárhely 9 Városi muzeum. Edények a Kökénydombi egyik Kunyhó padozatán" -- Fot-566. "Szeged: Egyetemi archeeologiai intézet. Lakógödör az ószentiváni bronzkori telepról" -- Fot-567. "Szeged: Egyetemi archeeologiai intézet. Ószentiváni bronzkori telep edényei" aTraducciones: Fot-563. "Szeged: Instituto Universitario de Arqueología. Instituto Arqueológico Húngaro" -- Fot-564. "Museo de la ciudad de Hódmezóvásárhely 9. Detalle de la 3ª Colonia Cultural en Kotacparti, Tisza" -- Fot-565. "Museo de la ciudad de Hódmezóvásárhely 9. Vasijas en el suelo de una cabaña en Kökénydombi" -- Fot-566. "Szeged: Instituto Universitario de Arqueología. Instituto Arqueológico Húngaro" -- Fot-567. "Szeged: Instituto Universitario de Arqueología. Universidad de Arqueología" 7aHungría2embne 7aFotografías. jFot-563 ; Fot-564 ; Fot-565 ; Fot-566 ; Fot-567 3Fot-563uhttps://archivoybiblioteca.realacademiabellasartessanfernando.com/cgi-bin/koha/opac-retrieve-file.pl?id=44349c20cd8957d2a33400c0eb348fed 3Fot-564uhttps://archivoybiblioteca.realacademiabellasartessanfernando.com/cgi-bin/koha/opac-retrieve-file.pl?id=1b1504c6c5c91ff0610d775b96c41072 3Fot-565uhttps://archivoybiblioteca.realacademiabellasartessanfernando.com/cgi-bin/koha/opac-retrieve-file.pl?id=c86beb3d3b80d5549fee0e052377e302 3Fot-566uhttps://archivoybiblioteca.realacademiabellasartessanfernando.com/cgi-bin/koha/opac-retrieve-file.pl?id=f5aa6641a6fbd8b17956b5142a80ebb0 3Fot-567uhttps://archivoybiblioteca.realacademiabellasartessanfernando.com/cgi-bin/koha/opac-retrieve-file.pl?id=20d011a5006abf582592661dd0979b15